Religion Quiz

Random Religion or Bible Quiz

Women in the Bible Quiz Stats

 Plays Quiz Updated Aug 7, 2018

Support Sporcle.
Go Orange.
Score 0/11 Timer 03:00
22 Plays Today
Times mentioned Woman's Name % Correct
19Mary
97.8%
56Sarah
87%
47Rachel
67.2%
53Esther
65.7%
31Rebekah
61.3%
34Leah
55.4%
23Jezebel
48.8%
14Mary Magdalene
47.2%
15Miriam
42.5%
14Hagar
39.4%
15Abigail
23%

You're not logged in!

Compare scores with friends on all Sporcle quizzes.
OR
Log In

From the Vault

Country Beginnings Hunt

by skuban

Don't let any country hide its true identity!
Remove Ads.
Support Sporcle.
Get the best of Sporcle when you Go Orange. This ad-free experience offers more features, more stats, and more fun while also helping to support Sporcle. Thank you for becoming a member.

Show Comments

Extras

Top Quizzes Today


Score Distribution

Your Account Isn't Verified!

In order to create a playlist on Sporcle, you need to verify the email address you used during registration. Go to your Sporcle Settings to finish the process.

Report this User

Report this user for behavior that violates our Community Guidelines.

Details: